| 000 | 01399cam a2200217 4500 | ||
|---|---|---|---|
| 001 | WB@3612-31 | ||
| 008 | 040922n2004 000 0 eng u | ||
| 035 | _a(Sirsi) u127479 | ||
| 245 | _aConstruction Act review | ||
| 260 | _c2004 | ||
| 490 |
_aDTI Press Release _v(P/2004/348) 17 September 2004 (2) |
||
| 520 | _aThe final report of the Construction Act review has been released. The review, into the Housing, Grants, Construction and Regeneration Act 1996: Part II, began in March with members of the construction industry forming a review group and looking at the adjudication and provisions of the Act. The report identifies issues and suggests various improvements that include: on adjudication: clarification of the requirement for a contract to be in writing and; on payment: improving the effectiveness of the right of suspension. The report will inform the consultation document that the DTI will issue later in 2004. See the website for further details: http://www.dti.gov.uk/construction/hgcra/hgcralead .htm. http://www.gnn.gov.uk/environment/detail.asp?Relea seID=129909&NewsAreaID=2&NavigatedFromDepartment=F alse | ||
| 590 | _aWB | ||
| 590 | _aWB | ||
| 650 | _aCONSTRUCTION INDUSTRY | ||
| 650 | _aHOUSING GRANTS, CONSTRUCTION AND REGENERATION ACT 1996 PART II | ||
| 650 | _aADJUDICATION | ||
| 650 | _aCONSULTATION | ||
| 690 | _aBUILDING AND CONSTRUCTION | ||
| 942 | _n0 | ||
| 999 |
_c118029 _d118029 |
||